| 000 | 01231cam a2200217 4500 | ||
|---|---|---|---|
| 001 | WB@3612-117 | ||
| 008 | 041104n2004 000 0 eng u | ||
| 035 | _a(Sirsi) u127904 | ||
| 245 | _aThinking business space | ||
| 260 | _c2004 | ||
| 490 |
_aBRE News Release _v27 August 2004 (1) |
||
| 520 | _a"Thinking business space" has been published by the Building Research Establishment. It provides guidance to businesses on social responsibility issues involved in choosing new premises and is aimed at organisations that are moving for the first time or that do so infrequently. The benefits of building social responsibility into decision-making are high-lighted. According to the guide, these can include: better staff retention, less sick leave, higher staff productivity, lower fuel bills and reduced environmental impact. The guide can be downloaded free of charge from: http://www.bre.co.uk/service.jsp?id=326. http://www.bre.co.uk/news.jsp?id=245 | ||
| 590 | _aWB | ||
| 590 | _aWB | ||
| 650 | _aCORPORATE SOCIAL RESPONSIBILITY | ||
| 650 | _aBUSINESS SUPPORT | ||
| 650 | _aPROPERTY | ||
| 650 | _aBUILT ENVIRONMENT-BUILDING MAINTENANCE AND REFURBISHMENT | ||
| 690 |
_aBusiness and management _96226 |
||
| 942 | _n0 | ||
| 999 |
_c118273 _d118273 |
||